000 00254nam a22001097a 4500
082 _a823
_bHOV/L
100 _aHOVER, MARGO
245 _aTHE LION KING
260 _aWISCONSIN
_bWESTERN PUBLISHING CO
_c1994
650 _aENGLISH STORY
_zWISCONSIN
942 _cBK
999 _c7503
_d7503